| 000 | 00760nam a22001815i 4500 | ||
|---|---|---|---|
| 001 | 163210 | ||
| 003 | ES-MaACL | ||
| 005 | 20230906212708.0 | ||
| 008 | 030303s1898 sp |||| | spa d | ||
| 040 |
_aCCPB | B _bspa _cCCPB | B |
||
| 100 | 1 |
_aReig Pastor, Francisco. _9131673 |
|
| 245 | 1 | 0 |
_aPapel de la infeccion en la patogenia de la ulcera del estómago _b: Madrid 1898 / _ctesis del doctorado en Medicina y cirugía por Francisco Reig Pastor. |
| 260 |
_aValencia : _b[s.n., _cs.a.] ( _fimprenta de Antonio López y C\pa\s) |
||
| 300 |
_a34 p. ; _c24 cm. |
||
| 500 | 1 | _aDescripción basada en la cub. | |
| 650 | 4 |
_aEstómago- _xEnfermedades. _9136069 |
|
| 852 |
_aES-MaACL _jT-856-F-12 _z-- Enc. hol. conservando la original _q-- Enc. en un vol. facticio |
||
| 999 |
_c163210 _d163210 |
||